[Event "I Festival A"]
[Site "Ravenna ITA"]
[Date "2005.10.16"]
[Round "4"]
[White "Giorgi, Sandro"]
[Black "Pomaro, Stefano"]
[Result "1/2-1/2"]
[WhiteElo "1854"]
[BlackElo "1919"]
[PlyCount "74"]
[EventDate "2005.10.14"]

1.Nf3 f5 2.c4 Nf6 3.g3 e6 4.Bg2 Be7 5.O-O O-O 6.d3 d6 7.Nc3 e5 8.c5 Kh8 9.
Qb3 Na6 10.cxd6 cxd6 11.Qc2 Bd7 12.a3 Bc6 13.b4 Rc8 14.Qb3 Nc7 15.Bb2 Ncd5
16.Ng5 Nxc3 17.Bxc3 Bxg2 18.Kxg2 Rxc3 19.Qxc3 Nd5 20.Qc4 Bxg5 21.Qxd5 Qd7 
22.e3 h6 23.h4 Be7 24.f4 Bf6 25.fxe5 Bxe5 26.d4 Bxg3 27.Kxg3 f4+ 28.Rxf4 
Rxf4 29.exf4 Qe7 30.Qf3 Qf6 31.Rd1 Qg6+ 32.Kf2 Qc2+ 33.Qe2 Qf5 34.Qf3 Qc2+
35.Kg3 Qg6+ 36.Kh3 Qf5+ 37.Qg4 Qc2 1/2-1/2

[Event "I Festival A"]
[Site "Ravenna ITA"]
[Date "2005.10.16"]
[Round "4"]
[White "Giovannini, Roberto"]
[Black "Baldelli, Alex"]
[Result "0-1"]
[WhiteElo "1937"]
[BlackElo "2048"]
[PlyCount "108"]
[EventDate "2005.10.14"]

1.d4 d5 2.Nf3 Nf6 3.Bf4 e6 4.e3 c5 5.c3 Nc6 6.Bd3 Be7 7.h3 O-O 8.O-O b6 9.
Nbd2 Bb7 10.Rc1 Rc8 11.Qe2 Bd6 12.Ne5 Bxe5 13.Bxe5 Nxe5 14.dxe5 Nd7 15.f4 
Qe7 16.Nf3 f6 17.exf6 Rxf6 18.Ng5 h6 19.Nh7 Rf7 20.Bg6 e5 21.f5 e4 22.Qh5 
Rf6 23.Nxf6+ Qxf6 24.Be8 Ne5 25.Bb5 a6 26.Ba4 Nd3 27.Rb1 d4 28.cxd4 cxd4 
29.Bb3+ Kh8 30.Qe2 Nc5 31.exd4 Qxd4+ 32.Kh1 Nxb3 33.axb3 e3 34.Rbd1 Qe5 
35.Rd7 Bc6 36.Rd3 Bb5 37.Rfd1 Bxd3 38.Qxd3 e2 39.Re1 Re8 40.Qc2 Qe3 41.f6 
Qf2 42.fxg7+ Kxg7 43.Qc3+ Qf6 44.Qxf6+ Kxf6 45.Kg1 Re3 46.Kf2 Rxb3 47.Rxe2
a5 48.Ke1 Kf5 49.Rf2+ Ke4 50.Kd2 Rxb2+ 51.Ke1 Rxf2 52.Kxf2 a4 53.g4 a3 54.
h4 a2 0-1

[Event "I Festival A"]
[Site "Ravenna ITA"]
[Date "2005.10.16"]
[Round "4"]
[White "Gulinelli, Euro"]
[Black "Sottroi, Carlo"]
[Result "1/2-1/2"]
[WhiteElo "1466"]
[BlackElo "1823"]
[PlyCount "80"]
[EventDate "2005.10.14"]

1.c4 c5 2.Nc3 Nf6 3.g3 d5 4.cxd5 Nxd5 5.Bg2 Nb6 6.d3 e6 7.Nf3 Nc6 8.O-O 
Be7 9.b3 O-O 10.Bb2 Nd5 11.a3 Bf6 12.Rc1 Qa5 13.Qd2 Bxc3 14.Bxc3 Nxc3 15.
Qxc3 Qxa3 16.Qxc5 Qxc5 17.Rxc5 Bd7 18.Rfc1 Rac8 19.e3 f6 20.Nd2 Kf7 21.d4 
Ke7 22.Kf1 Rfd8 23.Ke2 h6 24.R1c3 a6 25.Nb1 Kd6 26.Nd2 b5 27.Ne4+ Ke7 28.
Nd2 Nb4 29.Bb7 Rxc5 30.dxc5 Bc6 31.Bxc6 Nxc6 32.f3 f5 33.h3 Nb4 34.c6 Rc8 
35.c7 Kd7 36.f4 Rxc7 37.Rxc7+ Kxc7 38.Nf3 Kd6 39.Kd2 Kd5 40.Ne5 a5 1/2-1/2

[Event "I Festival A"]
[Site "Ravenna ITA"]
[Date "2005.10.16"]
[Round "4"]
[White "Lucchi, Lorenzo"]
[Black "Panciera, Fabio"]
[Result "1-0"]
[WhiteElo "1886"]
[BlackElo "1802"]
[PlyCount "81"]
[EventDate "2005.10.14"]

1.e4 c6 2.d4 d5 3.Nc3 dxe4 4.Nxe4 Nf6 5.Nxf6+ gxf6 6.Bc4 Bf5 7.c3 Qc7 8.
Ne2 e6 9.Ng3 Bg6 10.Qf3 Nd7 11.h4 h5 12.Bd3 f5 13.Bf4 Bd6 14.Ne2 O-O-O 15.
O-O-O e5 16.dxe5 Nxe5 17.Bxe5 Bxe5 18.Bxf5+ Kb8 19.Bxg6 fxg6 20.Rxd8+ Rxd8
21.Rd1 Rxd1+ 22.Kxd1 Qd8+ 23.Kc2 Qxh4 24.Qf8+ Kc7 25.Qf7+ Kb6 26.Qxg6 Qa4+
27.Kc1 Bf4+ 28.Nxf4 Qxf4+ 29.Kc2 Qxf2+ 30.Kb3 Qe2 31.Qg5 Qb5+ 32.Qxb5+ 
Kxb5 33.c4+ Kc5 34.Kc3 Kd6 35.Kd4 c5+ 36.Ke4 Ke6 37.a3 b6 38.Kf4 Kf6 39.b4
cxb4 40.axb4 a5 41.c5 1-0

[Event "I Festival A"]
[Site "Ravenna ITA"]
[Date "2005.10.16"]
[Round "4"]
[White "Salzano, Guido"]
[Black "Ignacz, Rozsa"]
[Result "1-0"]
[WhiteElo "2055"]
[BlackElo "1946"]
[PlyCount "83"]
[EventDate "2005.10.14"]

1.e4 c6 2.d4 d5 3.Nc3 dxe4 4.Nxe4 Bf5 5.Ng3 Bg6 6.h4 h6 7.Nf3 Nd7 8.h5 Bh7
9.Bd3 Bxd3 10.Qxd3 Ngf6 11.Bd2 e6 12.Ne4 Nxe4 13.Qxe4 Bd6 14.c4 Nf6 15.Qe2
Qe7 16.Ne5 O-O-O 17.O-O-O Nd7 18.f4 Bxe5 19.fxe5 c5 20.Bc3 Nb6 21.b3 cxd4 
22.Rxd4 Rxd4 23.Bxd4 Rd8 24.Rd1 Qg5+ 25.Kb2 Qf4 26.Bxb6 Rxd1 27.Qxd1 axb6 
28.Qd6 Qf2+ 29.Ka3 Qc5+ 30.Qxc5+ bxc5 31.Ka4 Kc7 32.Kb5 b6 33.a4 f6 34.
exf6 gxf6 35.a5 bxa5 36.Kxc5 Kd7 37.Kb5 e5 38.Kxa5 e4 39.Kb4 f5 40.Kc3 f4 
41.b4 f3 42.gxf3 1-0

[Event "I Festival A"]
[Site "Ravenna ITA"]
[Date "2005.10.16"]
[Round "4"]
[White "Trangoni, Bruno"]
[Black "Carrara, Salvatore"]
[Result "1-0"]
[WhiteElo "1946"]
[BlackElo "1821"]
[PlyCount "77"]
[EventDate "2005.10.14"]

1.d4 Nf6 2.Nf3 g6 3.e3 Bg7 4.Bd3 O-O 5.O-O d6 6.Nbd2 Nbd7 7.Re1 c5 8.c3 b6
9.Qe2 Bb7 10.e4 e5 11.d5 a6 12.a4 Qc7 13.b3 Nh5 14.g3 Ndf6 15.Ba3 Rfb8 16.
Rec1 Re8 17.b4 a5 18.Bb5 Reb8 19.Nc4 Rd8 20.Rab1 Nd7 21.Bxd7 Rxd7 22.Nxb6 
Qxb6 23.bxc5 Qa6 24.Qxa6 Bxa6 25.c6 Rdd8 26.c7 Rdc8 27.Bxd6 Bd3 28.Nxe5 
Bxb1 29.Rxb1 Bxe5 30.Bxe5 f6 31.Bd6 Kf7 32.e5 fxe5 33.Bxe5 Nf6 34.d6 Nd7 
35.Bf4 Kf6 36.Rb5 Re8 37.c4 Re4 38.Rxa5 Rxa5 39.c8=Q 1-0

[Event "I Festival A"]
[Site "Ravenna ITA"]
[Date "2005.10.16"]
[Round "4"]
[White "Vicari, Luigi"]
[Black "Fontanari, Maurizio"]
[Result "1/2-1/2"]
[WhiteElo "2062"]
[BlackElo "2057"]
[PlyCount "25"]
[EventDate "2005.10.14"]

1.d4 Nf6 2.Nf3 g6 3.g3 Bg7 4.Bg2 O-O 5.c4 d6 6.O-O c5 7.dxc5 dxc5 8.Qb3 
Nc6 9.Rd1 Qc7 10.Nc3 Bd7 11.Be3 Na5 12.Qa3 Nxc4 13.Qxc5 1/2-1/2

[Event "I Festival A"]
[Site "Ravenna ITA"]
[Date "2005.10.16"]
[Round "5"]
[White "Baldelli, Alex"]
[Black "Vicari, Luigi"]
[Result "0-1"]
[WhiteElo "2048"]
[BlackElo "2062"]
[PlyCount "74"]
[EventDate "2005.10.14"]

1.d4 Nf6 2.c4 g6 3.Nc3 Bg7 4.Nf3 O-O 5.Bg5 d6 6.e3 Nbd7 7.Be2 h6 8.Bh4 c5 
9.O-O Re8 10.d5 Nf8 11.Qc2 Bd7 12.e4 g5 13.Bg3 Nh5 14.Nd2 Nxg3 15.hxg3 Ng6
16.Bd3 a6 17.a4 Rb8 18.f4 gxf4 19.gxf4 Bd4+ 20.Kh2 e5 21.Nf3 Nxf4 22.Nxd4 
Qh4+ 23.Kg1 cxd4 24.Ne2 Nxg2 25.Kxg2 Bh3+ 26.Kf3 Qf6+ 27.Nf4 Qxf4+ 28.Ke2 
Qe3+ 29.Kd1 Bxf1 30.Bxf1 Qf3+ 31.Ke1 Kh7 32.Ra3 Qf4 33.c5 dxc5 34.d6 Rbd8 
35.Qe2 Rxd6 36.Rf3 Qh4+ 37.Kd1 Rf6 0-1

[Event "I Festival A"]
[Site "Ravenna ITA"]
[Date "2005.10.16"]
[Round "5"]
[White "Brancaleoni, Maurizio"]
[Black "Lagrotteria, Salvatore"]
[Result "1/2-1/2"]
[WhiteElo "2308"]
[BlackElo "2214"]
[PlyCount "48"]
[EventDate "2005.10.14"]

1.d4 Nf6 2.Bg5 d5 3.e3 c6 4.Bxf6 exf6 5.Nd2 Bd6 6.Ne2 O-O 7.c4 dxc4 8.Nxc4
Bc7 9.Nc3 b5 10.Nd2 f5 11.g3 b4 12.Na4 Re8 13.Be2 f4 14.Nc4 Qd5 15.Rg1 f3 
16.Bf1 Ba6 17.b3 Bb5 18.Nc5 Na6 19.Nxa6 Bxa6 20.Rc1 Qf5 21.Rc2 c5 22.dxc5 
Bxc4 23.Bxc4 Be5 24.g4 Qf6 1/2-1/2

[Event "I Festival A"]
[Site "Ravenna ITA"]
[Date "2005.10.16"]
[Round "5"]
[White "Fontanari, Maurizio"]
[Black "Salzano, Guido"]
[Result "1/2-1/2"]
[WhiteElo "2057"]
[BlackElo "2055"]
[PlyCount "53"]
[EventDate "2005.10.14"]

1.d4 Nf6 2.c4 e6 3.g3 d5 4.Bg2 Nbd7 5.Nf3 Be7 6.O-O O-O 7.Nbd2 c5 8.dxc5 
dxc4 9.Nxc4 Nxc5 10.Qc2 Nd5 11.Ne3 Nb4 12.Qc4 Nc6 13.Bd2 b6 14.b4 Bf6 15.
bxc5 Bxa1 16.Rxa1 Bb7 17.Bc3 Qe7 18.cxb6 axb6 19.Nd4 Na5 20.Qb5 Bxg2 21.
Bb4 Qf6 22.Bxf8 Qxd4 23.Rd1 Bc6 24.Qb1 Qe4 25.Qxe4 Bxe4 26.Bb4 Nc6 27.a3 
1/2-1/2

[Event "I Festival A"]
[Site "Ravenna ITA"]
[Date "2005.10.16"]
[Round "5"]
[White "Giovannini, Roberto"]
[Black "Giorgi, Sandro"]
[Result "1-0"]
[WhiteElo "1937"]
[BlackElo "1854"]
[PlyCount "113"]
[EventDate "2005.10.14"]

1.d4 Nf6 2.Nf3 d5 3.Bf4 Bf5 4.e3 e6 5.h3 Bd6 6.Ne5 a6 7.g4 Bg6 8.h4 h6 9.
Nxg6 fxg6 10.Bxd6 Qxd6 11.Bd3 Qb4+ 12.Nd2 Nc6 13.Bxg6+ Kd7 14.b3 Raf8 15.
Qe2 Kc8 16.a3 Qd6 17.c4 Kb8 18.c5 Qe7 19.f4 Nd7 20.b4 Nxd4 21.exd4 Rxf4 
22.O-O-O Rhf8 23.Rdf1 Qf6 24.Rxf4 Qxf4 25.Rf1 Qxd4 26.Rxf8+ Nxf8 27.Bc2 
Qa1+ 28.Nb1 Qf6 29.c6 Qxh4 30.cxb7 Kxb7 31.Bd3 Kc8 32.Bxa6+ Kd8 33.Bd3 Qf6
34.Kc2 Qa1 35.Kb3 Qd4 36.Nc3 c5 37.bxc5 Qxc5 38.Qe5 Qb6+ 39.Kc2 Qf2+ 40.
Be2 Qc5 41.Kb2 Qc7 42.Qd4 Qe7 43.a4 Nd7 44.a5 Qc5 45.Qxg7 Qxa5 46.Qh8+ Kc7
47.Qxh6 Qb4+ 48.Kc2 Nc5 49.Qh2+ Kb7 50.Qe5 Qb3+ 51.Kd2 Qb2+ 52.Ke1 Ne4 53.
Qg7+ Kb8 54.Qf8+ Kc7 55.Qe7+ Kb8 56.Nxe4 dxe4 57.Qd6+ 1-0

[Event "I Festival A"]
[Site "Ravenna ITA"]
[Date "2005.10.16"]
[Round "5"]
[White "Sottroi, Carlo"]
[Black "Lucchi, Lorenzo"]
[Result "1-0"]
[WhiteElo "1823"]
[BlackElo "1886"]
[PlyCount "57"]
[EventDate "2005.10.14"]

1.e4 e5 2.Nf3 Nc6 3.Bc4 Bc5 4.Nc3 d6 5.d3 Bg4 6.h3 Bh5 7.g4 Bg6 8.Nd5 Nf6 
9.Nxf6+ gxf6 10.Qe2 Qd7 11.Bh6 Nd4 12.Nxd4 Bxd4 13.c3 Bc5 14.O-O-O a5 15.
h4 a4 16.a3 d5 17.Bxd5 f5 18.h5 c6 19.Bc4 b5 20.exf5 f6 21.Be6 Qe7 22.hxg6
hxg6 23.Be3 Rf8 24.Bxc5 Qxc5 25.d4 Qe7 26.dxe5 b4 27.cxb4 Ra7 28.Qd2 fxe5 
29.Rh7 1-0

[Event "I Festival A"]
[Site "Ravenna ITA"]
[Date "2005.10.16"]
[Round "5"]
[White "Zanetto, Marco"]
[Black "Trangoni, Bruno"]
[Result "1/2-1/2"]
[WhiteElo "1727"]
[BlackElo "1946"]
[PlyCount "24"]
[EventDate "2005.10.14"]

1.e4 g6 2.d4 Bg7 3.Nc3 c6 4.f4 d5 5.e5 h5 6.Bd3 Nh6 7.Nge2 Bf5 8.b3 e6 9.
Ba3 Ng4 10.Bxf5 gxf5 11.Qd3 Nd7 12.Bd6 f6 1/2-1/2

[Event "II C.to di Bologna"]
[Site "Bologna ITA"]
[Date "2005.10.15"]
[Round "1"]
[White "Bianchi, Andrea"]
[Black "Vancini, Edoardo"]
[Result "1-0"]
[WhiteElo "2160"]
[BlackElo "2275"]
[PlyCount "145"]
[EventDate "2005.10.15"]

1. e4 c5 2. Nf3 e6 3. d4 cxd4 4. Nxd4 Nc6 5. Nb5 d6 6. c4 Nf6 7. N1c3 a6 8. Nd4
Be7 9. Be2 O-O 10. Be3 d5 11. exd5 exd5 12. Nxc6 bxc6 13. cxd5 cxd5 14. O-O Qd6
15. Bf3 Rd8 16. Qa4 Bd7 17. Qd4 Be6 18. Rfd1 Rac8 19. Bf4 Qb4 20. Qxb4 Bxb4 21.
Be5 Nd7 22. Bd4 Nb8 23. a3 Bc5 24. Rac1 Bxd4 25. Rxd4 Nc6 26. Ra4 d4 27. Ne4 d3
28. Nd2 Nd4 29. Rd1 Rc2 30. Kf1 Rxb2 31. Rxa6 Ne2 32. Rc6 Re8 33. Nc4 Rc2 34.
Ne3 Rxc6 35. Bxc6 Rd8 36. Bb5 Nc3 37. Rxd3 Rc8 38. a4 f5 39. Rd4 g5 40. Ke1 f4
41. Nd1 Nb1 42. Rd6 Bb3 43. Bc6 Kf8 44. a5 Rc7 45. f3 Na3 46. Bd5 Bxd1 47. Kxd1
Nb5 48. Rf6+ Kg7 49. Rf5 Nc3+ 50. Kd2 Kg6 51. Be4 Nxe4+ 52. fxe4 Rc4 53. Kd3
Ra4 54. Rc5 Kf6 55. Rc6+ Ke5 56. a6 g4 57. Rc5+ Ke6 58. Rh5 Ra2 59. Rxh7 Rxg2
60. Rh6+ Ke5 61. Rh5+ Ke6 62. Ra5 g3 63. hxg3 Rxg3+ 64. Ke2 Rg8 65. a7 Ra8 66.
Kf3 Kd6 67. Kxf4 Kc6 68. e5 Kb6 69. Ra1 Kc6 70. Kf5 Kd7 71. e6+ Ke7 72. Ke5 Ke8
73. Rh1 1-0

[Event "II C.to di Bologna"]
[Site "Bologna ITA"]
[Date "2005.10.15"]
[Round "1"]
[White "Conti, Valerio"]
[Black "Del Monaco, Andrea"]
[Result "1/2-1/2"]
[WhiteElo "2201"]
[BlackElo "2234"]
[PlyCount "28"]
[EventDate "2005.10.15"]

1. e4 c5 2. Nf3 Nc6 3. d4 cxd4 4. Nxd4 Qc7 5. Nc3 e6 6. Be3 a6 7. Be2 Nf6 8.
O-O h5 9. h3 d6 10. Qd2 Bd7 11. Rad1 Be7 12. f4 Na5 13. Nb3 Rd8 14. Nxa5 Qxa5
1/2-1/2

[Event "II C.to di Bologna"]
[Site "Bologna ITA"]
[Date "2005.10.15"]
[Round "1"]
[White "Galassi, Federico"]
[Black "Cocchi, Andrea"]
[Result "0-1"]
[WhiteElo "2190"]
[BlackElo "2315"]
[PlyCount "90"]
[EventDate "2005.10.15"]

1. e4 c5 2. Nc3 e6 3. g3 Nc6 4. Bg2 Nf6 5. d3 Be7 6. f4 d5 7. e5 Nd7 8. Nf3 a6
9. O-O b5 10. Ne2 Bb7 11. d4 Qb6 12. Be3 O-O 13. c3 b4 14. Kh1 a5 15. g4 Ba6
16. Rf2 Rab8 17. cxb4 Nxb4 18. Nc1 cxd4 19. Bxd4 Bc5 20. Bf1 Bxd4 21. Nxd4 Nc5
22. Bxa6 Qxa6 23. Rg2 Nbd3 24. Nxd3 Nxd3 25. Qf1 Rb4 26. Ne2 Rxb2 27. Nc1 Rxg2
28. Kxg2 Nc5 29. Qxa6 Nxa6 30. Nb3 a4 31. Nd4 Rc8 32. f5 Rc4 33. Rd1 Nc5 34. h3
h6 35. Kf3 Kf8 36. Rd2 Ke7 37. Ne2 Nd7 38. Rb2 Nxe5+ 39. Kg3 Kf6 40. Nf4 g6 41.
fxe6 fxe6 42. Rb6 Rc3+ 43. Kg2 Rc6 44. Rb2 Rc4 45. Rf2 Ke7 0-1

[Event "II C.to di Bologna"]
[Site "Bologna ITA"]
[Date "2005.10.15"]
[Round "1"]
[White "Gallo, Enrico"]
[Black "Tomba, Ivan"]
[Result "0-1"]
[WhiteElo "2113"]
[BlackElo "2244"]
[PlyCount "68"]
[EventDate "2005.10.15"]

1. e4 c5 2. Nf3 d6 3. d4 cxd4 4. Nxd4 Nf6 5. Nc3 a6 6. Bc4 e6 7. Be3 Be7 8. Bb3
O-O 9. Qe2 b5 10. f3 Qc7 11. O-O-O b4 12. Na4 Bd7 13. g4 Qa5 14. Nb6 Qxb6 15.
Nxe6 Qb7 16. Nxf8 Bxf8 17. g5 Ne8 18. g6 hxg6 19. Qg2 Nc6 20. Qxg6 Ne5 21. Qg2
Rc8 22. Kb1 a5 23. Bd4 Bc6 24. Rhe1 a4 25. Bd5 Nc7 26. f4 Nxd5 27. fxe5 Nc3+
28. Bxc3 bxc3 29. b3 axb3 30. axb3 Qa6 31. e6 fxe6 32. Qf3 Bb5 33. Qe3 Qa3 34.
Qc1 Qa5 0-1

[Event "II C.to di Bologna"]
[Site "Bologna ITA"]
[Date "2005.10.15"]
[Round "1"]
[White "Malfagia, Andrea"]
[Black "Gaido, Paolo"]
[Result "1/2-1/2"]
[WhiteElo "2242"]
[BlackElo "2099"]
[PlyCount "122"]
[EventDate "2005.10.15"]

1. d4 Nf6 2. c4 g6 3. Nc3 Bg7 4. e4 d6 5. f3 O-O 6. Bg5 Nc6 7. Nge2 a6 8. Qd2
Rb8 9. Rc1 Bd7 10. b3 b5 11. cxb5 axb5 12. d5 Ne5 13. Nd4 b4 14. Ncb5 Rb7 15.
Qxb4 e6 16. Nc6 Bxc6 17. dxc6 Rb6 18. Be3 Rxc6 19. Rxc6 Nxc6 20. Qc4 Qd7 21.
Be2 d5 22. Qa4 Rd8 23. O-O d4 24. Rd1 e5 25. Bc4 Bf8 26. Bg5 Kg7 27. Qa6 Be7
28. Bxf6+ Bxf6 29. Qb7 Na5 30. Qxc7 Qxc7 31. Nxc7 Nxc4 32. bxc4 Rc8 33. Nd5
Rxc4 34. Kf1 Rc2 35. Ra1 Bd8 36. a4 Ba5 37. h3 Kh6 38. Ra3 Kg5 39. g3 h5 40.
h4+ Kh6 41. g4 hxg4 42. fxg4 Kg7 43. g5 Rh2 44. Nf6 Rxh4 45. Kg2 Rh8 46. Nd7
Re8 47. Rb3 Re7 48. Rb7 Re8 49. Rb8 Rxb8 50. Nxb8 f6 51. Nc6 d3 52. Kf1 Bd2 53.
a5 fxg5 54. a6 Be3 55. a7 Bxa7 56. Nxa7 g4 57. Nb5 Kf6 58. Kf2 Kg5 59. Kg3 d2
60. Nc3 Kh5 61. Nd1 Kg5 1/2-1/2

[Event "II C.to di Bologna"]
[Site "Bologna ITA"]
[Date "2005.10.15"]
[Round "1"]
[White "Mascellani, Marco"]
[Black "Damia, Angelo"]
[Result "1-0"]
[WhiteElo "2266"]
[BlackElo "2137"]
[PlyCount "67"]
[EventDate "2005.10.15"]

1. e4 d6 2. f4 c5 3. Nf3 Nc6 4. Bb5 Nf6 5. d3 Bd7 6. c4 Nd4 7. Bxd7+ Qxd7 8.
Nxd4 cxd4 9. Nd2 Ng4 10. Nf3 Ne3 11. Bxe3 dxe3 12. Qe2 Qg4 13. g3 g6 14. Qxe3
Bg7 15. d4 O-O 16. O-O Rac8 17. Rac1 Qd7 18. b3 b5 19. c5 dxc5 20. dxc5 Rfd8
21. e5 b4 22. Rc4 Qb5 23. Rfc1 e6 24. Kg2 Rd5 25. c6 Qa5 26. R1c2 Bf8 27. Ng5
Qa6 28. Ne4 Ra5 29. Qf2 Qb5 30. g4 Ra6 31. Qh4 h6 32. c7 g5 33. Nf6+ Kh8 34.
Qg3 1-0

[Event "II C.to di Bologna"]
[Site "Bologna ITA"]
[Date "2005.10.15"]
[Round "1"]
[White "Ronchetti, Niccolo'"]
[Black "Pace, Pietro Dario"]
[Result "1-0"]
[WhiteElo "2402"]
[BlackElo "2233"]
[PlyCount "91"]
[EventDate "2005.10.15"]

1. e4 c5 2. Nf3 Nc6 3. Bb5 g6 4. O-O Bg7 5. c3 d6 6. d4 cxd4 7. cxd4 Bd7 8. Nc3
Nf6 9. d5 Ne5 10. Nxe5 dxe5 11. Be2 O-O 12. Qb3 b6 13. a4 Rb8 14. Be3 Ne8 15.
Nb5 a6 16. Na7 Qc7 17. Nc6 Bxc6 18. Rac1 Bxd5 19. exd5 Qb7 20. Rc6 b5 21. axb5
axb5 22. Rb6 Qc7 23. Qxb5 Rxb6 24. Bxb6 Qb7 25. Qc6 Nd6 26. b4 Rb8 27. Bc5 Nb5
28. Bxb5 Qxb5 29. Bxe7 Bf8 30. Bxf8 Kxf8 31. Rb1 Rb6 32. Qc8+ Kg7 33. Qc7 Kf6
34. Re1 Kg7 35. Qxe5+ Kg8 36. Qd4 Rd6 37. Rd1 Qd7 38. h3 Qc7 39. Qc5 Qd7 40. b5
Qd8 41. h4 Kg7 42. Qd4+ Qf6 43. f3 Kf8 44. Qxf6 Rxf6 45. d6 Ke8 46. b6 1-0

[Event "II C.to di Bologna"]
[Site "Bologna ITA"]
[Date "2005.10.15"]
[Round "1"]
[White "Scalcione, Michelangelo"]
[Black "Barillaro, Luca"]
[Result "1-0"]
[WhiteElo "2284"]
[BlackElo "2175"]
[PlyCount "77"]
[EventDate "2005.10.15"]

1. Nf3 Nf6 2. c4 c6 3. d4 d5 4. Nc3 e6 5. Bg5 Nbd7 6. cxd5 exd5 7. e3 Be7 8.
Bd3 O-O 9. Qc2 Re8 10. O-O h6 11. Bf4 Nf8 12. h3 Bd6 13. Ne5 Be6 14. Rae1 Rc8
15. f3 c5 16. Qf2 cxd4 17. exd4 a6 18. g4 Qb6 19. Bc1 Bb4 20. Bd2 N6d7 21. f4
Nxe5 22. Rxe5 Bxc3 23. bxc3 f6 24. Ree1 Bf7 25. Rb1 Qc6 26. f5 b5 27. Qg2 Nh7
28. h4 Qd6 29. Rf3 Re7 30. Rbf1 Nf8 31. g5 Bh5 32. Rg3 Kh7 33. gxh6 gxh6 34.
Kh1 Qd7 35. Rg1 Rc7 36. Rg8 Rg7 37. Rxg7+ Qxg7 38. Qf2 Bg4 39. h5 1-0

[Event "II C.to di Bologna"]
[Site "Bologna ITA"]
[Date "2005.10.15"]
[Round "2"]
[White "Barillaro, Luca"]
[Black "Vancini, Edoardo"]
[Result "1-0"]
[WhiteElo "2175"]
[BlackElo "2275"]
[PlyCount "151"]
[EventDate "2005.10.15"]

1. d4 Nf6 2. Bg5 c5 3. Bxf6 gxf6 4. d5 f5 5. c3 d6 6. e3 Nd7 7. Ne2 Nf6 8. Nf4
Bg7 9. Bd3 O-O 10. Qc2 e5 11. dxe6 fxe6 12. c4 Bd7 13. Nc3 a6 14. O-O Rb8 15.
a4 Ng4 16. Be2 e5 17. Nh5 Qg5 18. Nxg7 Kxg7 19. Bxg4 Qxg4 20. Qd3 Rf6 21. f4
Bc6 22. Nd5 Kh8 23. Rf3 Rg6 24. Rg3 Qh5 25. Rxg6 Qxg6 26. g3 Qf7 27. b3 Bxd5
28. cxd5 e4 29. Qd2 h5 30. Qb2+ Kh7 31. Rd1 h4 32. Qg2 Rg8 33. Qh3 Rg4 34. Kh1
Qh5 35. Rg1 Kh6 36. gxh4 Rxh4 37. Qg2 Rg4 38. Qf2 Rxg1+ 39. Kxg1 Qd1+ 40. Kg2
Qxd5 41. Qg3 Qd2+ 42. Kh3 Qd5 43. Qg5+ Kh7 44. Qe7+ Kg6 45. Kh4 b5 46. axb5
axb5 47. Qe8+ Kf6 48. Qf8+ Kg6 49. Qe8+ Qf7 50. Qxb5 Kh6 51. Qe2 Qf6+ 52. Kh3
Qg6 53. Qd1 d5 54. Kh4 Qg4+ 55. Qxg4 fxg4 56. Kg3 Kg6 57. Kf2 Kf5 58. Ke2 d4
59. Kd2 d3 60. Kc3 Kg6 61. Kd2 Kh5 62. Kc3 Kh4 63. Kd2 Kh3 64. f5 Kxh2 65. f6
g3 66. f7 g2 67. f8=Q g1=Q 68. Qf4+ Qg3 69. Qxe4 Qf2+ 70. Kxd3 Qf1+ 71. Kd2
Qf2+ 72. Kc3 Qe1+ 73. Kb2 Kg3 74. Qf4+ Kg2 75. Qg5+ Kf3 76. Qxc5 1-0

[Event "II C.to di Bologna"]
[Site "Bologna ITA"]
[Date "2005.10.15"]
[Round "2"]
[White "Bianchi, Andrea"]
[Black "Scalcione, Michelangelo"]
[Result "0-1"]
[WhiteElo "2160"]
[BlackElo "2284"]
[PlyCount "80"]
[EventDate "2005.10.15"]

1. e4 e5 2. Nf3 d6 3. d4 exd4 4. Nxd4 Nf6 5. Nc3 Be7 6. Be2 O-O 7. O-O Re8 8.
f4 Bf8 9. Bf3 c5 10. Nb3 Nc6 11. Kh1 a5 12. a4 Nb4 13. Re1 d5 14. Nd2 dxe4 15.
Ndxe4 Nxe4 16. Bxe4 Qxd1 17. Rxd1 Bg4 18. Rf1 Rad8 19. h3 Be2 20. Rf2 Rxe4 21.
Nxe4 Rd1+ 22. Kh2 Nxc2 23. Rxe2 Nxa1 24. Be3 Nb3 25. Nc3 Rd3 26. g3 f5 27. Nb5
Kf7 28. Kg2 h5 29. Kf2 g6 30. Rc2 Rd7 31. Ke2 Ke6 32. Rc3 Nd4+ 33. Bxd4 cxd4
34. Rc8 d3+ 35. Kd2 Bh6 36. Re8+ Kf7 37. Re3 h4 38. Rxd3 Rxd3+ 39. Kxd3 hxg3
40. Nd6+ Ke7 0-1

[Event "II C.to di Bologna"]
[Site "Bologna ITA"]
[Date "2005.10.15"]
[Round "2"]
[White "Cocchi, Andrea"]
[Black "Mascellani, Marco"]
[Result "1/2-1/2"]
[WhiteElo "2315"]
[BlackElo "2266"]
[PlyCount "70"]
[EventDate "2005.10.15"]

1. Nf3 g6 2. c4 Bg7 3. Nc3 e5 4. g3 Ne7 5. Bg2 O-O 6. O-O c5 7. d3 h6 8. Rb1
Nbc6 9. Ne1 d6 10. Nc2 Rb8 11. b4 b6 12. bxc5 bxc5 13. Rxb8 Nxb8 14. Ne3 Bd7
15. Bd2 Qb6 16. Qb1 Qa6 17. Bb7 Qa5 18. Ned5 Nbc6 19. Ne4 Qd8 20. Ndf6+ Bxf6
21. Nxf6+ Kg7 22. Nxd7 Qxd7 23. Bc3 Rb8 24. Bxc6 Nxc6 25. Qc2 Qb7 26. f4 f6 27.
e3 Nb4 28. Qe2 Qa6 29. fxe5 dxe5 30. d4 Qxa2 31. Qf3 Rf8 32. dxe5 Qxc4 33.
exf6+ Kh7 34. e4 Nc6 35. Ba1 Nd4 1/2-1/2

[Event "II C.to di Bologna"]
[Site "Bologna ITA"]
[Date "2005.10.15"]
[Round "2"]
[White "Damia, Angelo"]
[Black "Galassi, Federico"]
[Result "1-0"]
[WhiteElo "2137"]
[BlackElo "2190"]
[PlyCount "67"]
[EventDate "2005.10.15"]

1. e4 d6 2. d4 Nf6 3. Nc3 g6 4. f4 Bg7 5. Nf3 O-O 6. e5 Nfd7 7. h4 c5 8. h5
cxd4 9. hxg6 hxg6 10. Qxd4 Qb6 11. Nd5 Qd8 12. f5 Re8 13. Qh4 Nf6 14. exf6
exf6+ 15. Kf2 g5 16. Qh7+ Kf8 17. Bd2 Nc6 18. Bc3 a6 19. Qxg7+ Kxg7 20. Bxf6+
Qxf6 21. Rh7+ Kxh7 22. Nxf6+ Kh6 23. Nxe8 Bxf5 24. Nxd6 Bxc2 25. Nxf7+ Kh5 26.
N7xg5 Rf8 27. Rc1 Bg6 28. Bxa6 Nb4 29. Rh1+ Kg4 30. Rh4+ Kf5 31. Rxb4 bxa6 32.
g4+ Kf6 33. Rb6+ Ke7 34. Rxg6 1-0

[Event "II C.to di Bologna"]
[Site "Bologna ITA"]
[Date "2005.10.15"]
[Round "2"]
[White "Del Monaco, Andrea"]
[Black "Malfagia, Andrea"]
[Result "1-0"]
[WhiteElo "2234"]
[BlackElo "2242"]
[PlyCount "53"]
[EventDate "2005.10.15"]

1. e4 d6 2. d4 Nf6 3. Nc3 c6 4. f4 Qa5 5. Bd3 e5 6. Nf3 Bg4 7. Be3 Nbd7 8. O-O
Be7 9. Qe1 Bxf3 10. Rxf3 b5 11. fxe5 dxe5 12. d5 b4 13. dxc6 Nc5 14. Rxf6 gxf6
15. Nd5 Ne6 16. a3 Bc5 17. axb4 Bxe3+ 18. Nxe3 Qb6 19. b5 Nf4 20. Kh1 Rd8 21.
Nf5 Rg8 22. Qb4 Qc7 23. Bf1 Rg5 24. b6 axb6 25. Ra7 Qxa7 26. c7 Rxf5 27. Bb5+
1-0

[Event "II C.to di Bologna"]
[Site "Bologna ITA"]
[Date "2005.10.15"]
[Round "2"]
[White "Gaido, Paolo"]
[Black "Conti, Valerio"]
[Result "1/2-1/2"]
[WhiteElo "2099"]
[BlackElo "2201"]
[PlyCount "75"]
[EventDate "2005.10.15"]

1. Nf3 g6 2. d4 Bg7 3. g3 Nf6 4. c4 O-O 5. Bg2 d6 6. O-O Nbd7 7. Nc3 e5 8. e4
Re8 9. h3 c6 10. Be3 Qc7 11. Qc2 Nf8 12. Rad1 Be6 13. b3 Rad8 14. Rd2 Bc8 15.
Rfd1 Ne6 16. d5 cxd5 17. Nxd5 Nxd5 18. cxd5 Qxc2 19. Rxc2 Nc5 20. Bxc5 dxc5 21.
Rxc5 Bf8 22. Rc2 Bd6 23. Nd2 b5 24. Kh2 Bd7 25. h4 Rc8 26. Rdc1 Ba3 27. Rxc8
Rxc8 28. Rxc8+ Bxc8 29. Bf1 Bd7 30. Bh3 Be8 31. Nb1 Bc5 32. Kg2 Kf8 33. Kf3 Ke7
34. Ke2 Kd6 35. Nc3 b4 36. Nd1 Bb5+ 37. Kd2 Bd4 38. Bg4 1/2-1/2

[Event "II C.to di Bologna"]
[Site "Bologna ITA"]
[Date "2005.10.15"]
[Round "2"]
[White "Pace, Pietro Dario"]
[Black "Gallo, Enrico"]
[Result "0-1"]
[WhiteElo "2233"]
[BlackElo "2113"]
[PlyCount "76"]
[EventDate "2005.10.15"]

1. e4 c5 2. Nf3 d6 3. Bb5+ Bd7 4. Bxd7+ Qxd7 5. O-O g6 6. d4 cxd4 7. Nxd4 Bg7
8. c4 Nf6 9. f3 O-O 10. Be3 Na6 11. Nc3 Nc7 12. Rc1 a6 13. Na4 Qd8 14. Nb6 Rb8
15. a4 Nd7 16. a5 Na8 17. Nxa8 Rxa8 18. b4 Rc8 19. Qe2 Ne5 20. Nb3 Qd7 21. b5
Qe6 22. Nd4 Qf6 23. f4 Nd7 24. Nb3 Qb2 25. Qd3 Nc5 26. Nxc5 dxc5 27. Rc2 Qb4
28. Qd2 Rfd8 29. Qxb4 cxb4 30. e5 Rd3 31. Bb6 axb5 32. c5 f6 33. Rb1 b3 34.
Rcb2 fxe5 35. Rxb3 e4 36. Rxb5 Bd4+ 37. Kh1 e3 38. R5b4 e2 0-1